Diseño de un sistema de registro académico y arancelario automatizado en Compulab Estelí.
Presenta el desarrollo de un sistema de información con el objetivo de automatizar el proceso de inscripciones de estudiantes, registros de solvencia y control de notas además de almacenar toda la información en base de datos.
| Main Author: | |
|---|---|
| Other Authors: | |
| Format: | Tesis Section = Libro |
| Language: | Undetermined Spanish |
| Published: |
Managua
UNI
2012
|
| Subjects: |
| LEADER | 01088nam a2200253Ia 4500 | ||
|---|---|---|---|
| 008 | 240830s9999 xx 000 0 und d | ||
| 040 | |a BIBLIOTECA-RUPAP Mon 003 R175 | ||
| 041 | |a spa | ||
| 082 | |a Mon 003 R175 | ||
| 100 | 1 | |a Ramos Barreda, Rene Josué | |
| 245 | 1 | 0 | |a Diseño de un sistema de registro académico y arancelario automatizado en Compulab Estelí. |
| 260 | |a Managua |b UNI |c 2012 | ||
| 300 | |a 163 p. :il. | ||
| 500 | |a Contiene: anexos e Incluye: CD. | ||
| 502 | |a Tesis (Ingeniero de Sistemas)- UNI, 2012. | ||
| 520 | 3 | |a Presenta el desarrollo de un sistema de información con el objetivo de automatizar el proceso de inscripciones de estudiantes, registros de solvencia y control de notas además de almacenar toda la información en base de datos. | |
| 650 | 7 | |a SISTEMA AUTOMATIZADO DE INFORMACION - UML | |
| 650 | 7 | |b ANALISIS Y DISEÑO DE SISTEMAS - UML | |
| 650 | 7 | |c SISTEMA DE INFORMACION - WEB | |
| 650 | 7 | |d SISTEMA DE ADMINISTRACION - BASE DE DATOS | |
| 700 | 1 | |a Tutor: |b Dicovskiy Riobóo, Luis María | |
| 942 | |c BK |2 ddc | ||
| 991 | |a TESIS | ||
| 999 | |c 15267 | ||